DEVELOPMENT policy of the Federal Republic of Germany

Bibliographic Details
Format: Book
Published: Bonn : Press and Information Office of the Federal Government , 1986
Subjects:

MARC

LEADER 00000cam a2200000 7i4500
001 0000002731
005 20031230.0
090 0 0 |a 333090943   |b DEV 1986 
245 0 0 |a DEVELOPMENT policy of the Federal Republic of Germany 
260 0 0 |a Bonn :   |b Press and Information Office of the Federal Government ,   |c 1986 
300 |a 44 p. ;   |c 18 cm. 
650 0 0 |a Economic policy   |z Germany 
650 0 0 |a Government policy   |z Germany 
998 |a JPSM 
999 |a 0000004429   |b Monograph   |c Open Shelf   |e Default branch